5HLuxD.jpg

KING HENRY VIII SENIOR AND PRIMARY SCHOOL LIBRARY OPAC

My brother is a big, fat liar / (Record no. 720)

000 -LEADER
fixed length control field 01216nam a22003971i 4500
001 - CONTROL NUMBER
control field 020060532
003 - CONTROL NUMBER IDENTIFIER
control field UkOxU
005 - DATE AND TIME OF LATEST TRANSACTION
control field 20191205124430.0
008 - FIXED-LENGTH DATA ELEMENTS--GENERAL INFORMATION
fixed length control field 140915r20152013enka j 000|f|eng|d
015 ## - NATIONAL BIBLIOGRAPHY NUMBER
National bibliography number GBB4C7541
Source bnb
016 7# - NATIONAL BIBLIOGRAPHIC AGENCY CONTROL NUMBER
Record control number 016940649
Source Uk
020 ## - INTERNATIONAL STANDARD BOOK NUMBER
International Standard Book Number 9781784750121 (pbk.) :
035 ## - SYSTEM CONTROL NUMBER
System control number (Uk)016940649
040 ## - CATALOGING SOURCE
Original cataloging agency StDuBDS
Language of cataloging eng
Description conventions rda
Transcribing agency StDuBDS
Modifying agency Uk
042 ## - AUTHENTICATION CODE
Authentication code ukblsr
082 04 - DEWEY DECIMAL CLASSIFICATION NUMBER
Classification number FIC PAT
Edition number 23
100 1# - MAIN ENTRY--PERSONAL NAME
Personal name Patterson, James,
Dates associated with a name 1947-
Relator term author.
245 10 - TITLE STATEMENT
Title My brother is a big, fat liar /
Statement of responsibility, etc. James Patterson and Lisa Papademetriou ; illustrated by Neil Swaab.
264 #1 - PRODUCTION, PUBLICATION, DISTRIBUTION, MANUFACTURE, AND COPYRIGHT NOTICE
Place of production, publication, distribution, manufacture London :
Name of producer, publisher, distributor, manufacturer Young Arrow,
Date of production, publication, distribution, manufacture, or copyright notice 2015.
300 ## - PHYSICAL DESCRIPTION
Extent 275 pages :
Other physical details illustrations (black and white) ;
Dimensions 20 cm.
336 ## - CONTENT TYPE
Content type term text
Source rdacontent
336 ## - CONTENT TYPE
Content type term still image
Source rdacontent
337 ## - MEDIA TYPE
Media type term unmediated
Source rdamedia
338 ## - CARRIER TYPE
Carrier type term volume
Source rdacarrier
440 ## - SERIES STATEMENT/ADDED ENTRY--TITLE
Number of part/section of a work Book 3
490 0# - SERIES STATEMENT
Series statement Middle school series
500 ## - GENERAL NOTE
General note Originally published: 2013.
500 ## - GENERAL NOTE
General note Formerly CIP.
Institution to which field applies Uk
521 1# - TARGET AUDIENCE NOTE
Target audience note 9+.
655 #0 - INDEX TERM--GENRE/FORM
Genre/form data or focus term Humorous stories.
655 #0 - INDEX TERM--GENRE/FORM
Genre/form data or focus term Children's stories.
700 1# - ADDED ENTRY--PERSONAL NAME
Personal name Papademetriou, Lisa,
Relator term author.
700 1# - ADDED ENTRY--PERSONAL NAME
Personal name Swaab, Neil,
Relator term illustrator.
942 ## - ADDED ENTRY ELEMENTS (KOHA)
Source of classification or shelving scheme
Koha item type Books - Fiction
Holdings
Withdrawn status Lost status Source of classification or shelving scheme Damaged status Not for loan Collection code Permanent Location Current Location Shelving location Date acquired Total Checkouts Full call number Barcode Date due Date last seen Date last checked out Price effective from Koha item type
          Fiction KH8 Senior School Library KH8 Senior School Library Fiction 2019-12-05 3 FIC PAT 3KHSL000101455 2022-09-23 2022-09-08 2022-09-08 2019-12-05 Books - Fiction

Powered By KH8 IT Dept